| 000 | 01166nam a2200253Ia 4500 | ||
|---|---|---|---|
| 001 | 291.09-ELI mi st (3719) | ||
| 003 | IT-MiSPE | ||
| 008 | 171229s9999||||xx |||||||||||||| ||und|| | ||
| 040 |
_aIT-MiSPE _cIT-MiSPE |
||
| 041 | _aITALIANO | ||
| 100 | _aMircea Eliade | ||
| 240 | _aHistoire des croyances et des idées religieuses | ||
| 245 | 0 |
_aStoria delle credenze e delle idee religiose _bIII. Da Maometto all'età delle Riforme |
|
| 250 | _a1 rist. | ||
| 260 |
_aFirenze _bSansoni _c1986 |
||
| 300 |
_a387 p. [3 v.] _c21 cm |
||
| 490 |
_a Biblioteca storica _v 3° |
||
| 501 | _aEdizioni San Paolo srl - Piazza Soncino, 5 - 20092 CINISELLO BALSAMO (MI) (non commercial uses only) ® Copyright 2018 | ||
| 700 |
_aG. Schiavoni _g(traduzione) |
||
| 700 |
_aM.A. Massimello _g(traduzione) |
||
| 942 | _cBK | ||
| 957 | _71 | ||
| 999 |
_a16709 _bNO _g Copie: 1 _c349913 _d349913 |
||